With my brother / (Record no. 5315)

MARC details
000 -LEADER
fixed length control field 00897nam a22003017a 4500
001 - CONTROL NUMBER
control field 5315
003 - CONTROL NUMBER IDENTIFIER
control field FISKH
005 - DATE AND TIME OF LATEST TRANSACTION
control field 20250819074702.0
008 - FIXED-LENGTH DATA ELEMENTS--GENERAL INFORMATION
fixed length control field 241126b cb ||||| |||| 00| 0 eng d
020 ## - INTERNATIONAL STANDARD BOOK NUMBER
International Standard Book Number 0590455680
040 ## - CATALOGING SOURCE
Original cataloging agency FISKH
Language of cataloging eng
Transcribing agency FISKH
Modifying agency FISKH
050 ## - LIBRARY OF CONGRESS CALL NUMBER
Classification number PZ7.R62
082 ## - DEWEY DECIMAL CLASSIFICATION NUMBER
Classification number 306
100 ## - MAIN ENTRY--PERSONAL NAME
Personal name Roe, Eileen
Dates associated with a name (1989-)
245 ## - TITLE STATEMENT
Title With my brother /
Statement of responsibility, etc. by por Eileen Roe illustrations by Robert Casilla
250 ## - EDITION STATEMENT
Edition statement First printing in 1992
260 ## - PUBLICATION, DISTRIBUTION, ETC.
Place of publication, distribution, etc. New York :
Name of publisher, distributor, etc. Scholastic,
Date of publication, distribution, etc. 1992.
300 ## - PHYSICAL DESCRIPTION
Extent 29 pages :
Other physical details Color illustrations ;
Dimensions 21 cm
505 ## - FORMATTED CONTENTS NOTE
Formatted contents note G<br/>
520 ## - SUMMARY, ETC.
Summary, etc. A little boy admires his big brother and aspires to be like him when he is older.
521 8# - TARGET AUDIENCE NOTE
Target audience note 420<br/><br/>
Source Lexile<br/>
521 8# - TARGET AUDIENCE NOTE
Target audience note G<br/>
Source Raz-Plus<br/>
650 ## - SUBJECT ADDED ENTRY--TOPICAL TERM
Source of heading or term Brother
Topical term or geographic name entry element Siblings
650 ## - SUBJECT ADDED ENTRY--TOPICAL TERM
Source of heading or term Family
Topical term or geographic name entry element Multicultural
700 ## - ADDED ENTRY--PERSONAL NAME
Personal name Casilla, Robert
Dates associated with a name Illustrator
942 ## - ADDED ENTRY ELEMENTS (KOHA)
Source of classification or shelving scheme Dewey Decimal Classification
Koha item type Books
Suppress in OPAC No
Holdings
Withdrawn status Lost status Source of classification or shelving scheme Damaged status Not for loan Collection Home library Current library Shelving location Date acquired Total Checkouts Full call number Barcode Date last seen Copy number Price effective from Koha item type
    Dewey Decimal Classification     Juvenile Fiction Footprints International School Library Network Toul Kork Campus Footprints International School Library Network Toul Kork Campus TK Primary Library Room(4th Floor), Bookcase 1&2, Shelves 1-16, Dark Blue Books 11/26/2024   ROE 306 PZ7.R62 FISTK02278 11/26/2024 1 11/26/2024 Books
    Dewey Decimal Classification     Juvenile Fiction Footprints International School Library Network Toul Tom Poung Campus Footprints International School Library Network Toul Tom Poung Campus TTP Primary Dark Blue Bookshelves 08/19/2025   ROE 306 PZ7.R62 FISBK06337 08/19/2025 2 08/19/2025 Books